000 00673nam a22001577a 4500
003 OSt
005 20151112152350.0
008 151112b xxu||||| |||| 00| 0 eng d
040 _cRUA
082 _aFOR CHE 2008 B135 Or.1
100 _93618
_aCHEA, PUTHY.
245 _aThe potential of Eco-tourism based community in tatey lue commune thmar bang district koh kong province, សក្ដានុពលទេសចរណ៍ធម្មជាតិបែបសហគមន៍នៅឃុំតាទៃលើ ស្រុកថ្មបាំង ខេត្តកោះកុង
260 _aPhnom Penh
_bRUA
_c2008
300 _axiii; 48p.
_bill.
_c29cm.
942 _2ddc
_cFOR
999 _c3368
_d3368